000 03025cas a2200733 a 4500
001 11376699
003 OSt
005 20230703105854.0
008 891211c19909999enkar r 0 a0eng c
010 _a 90657474
_zsn 90024861
015 _a015516954
_2dnb
016 7 _a1018840-x
_2DE-600
016 7 _a010636300
_2Uk
016 7 _a015516954
_2DE-101
016 7 _a1018840x
_2DE-600
016 7 _a015516954
_2de-101
016 7 _a1018840x
_2de-600
016 _a(AMICUS)000009400202
022 0 _a0958-8558
_l0958-8558
035 _a(OCoLC)ocm20765089
040 _aSLW
_beng
_cSLW
_dHUL
_dDLC
_dNST
_dDLC
_dOCLCQ
_dHLS
_dTJC
_dSINLB
_dDEBBG
_dGBVCP
_dOCLCA
_dHLS
_dUKMGB
_dOCLCQ
_dOCLCO
_dOCLCF
_dOCLCO
_dCSAIL
_dNLC
_dOCLCO
_dOCLCQ
_dW7L
_dB2Q
_dNLGGC
_dTULIB
_dOCLCO
_dOCL
042 _apcc
043 _ab------
050 0 0 _aJN248
_b.C5548
082 0 0 _a351/.00025/171241
_220
082 0 4 _a351
_220
_bCOM
210 1 _aCommonw. minist. ref. book
222 0 _aCommonwealth ministers reference book
245 0 4 _aThe Commonwealth ministers reference book.
260 _31990- :
_aLondon :
_bKensington Publications in conjunction with the Commonwealth Secretariat,
_c[1989]-
260 3 _3<2010-> :
_aLondon :
_bHenley Media Group in association with the Commonwealth Secretariat
300 _av. :
_bill. (some col.) ;
_c30 cm.
310 _aAnnual
362 0 _a1989/90-
525 _aIssue for 2010 accompanied by CD-ROM supplement: Commonwealth ministers' connect card.
588 _aLatest issue consulted: 2010.
590 _aSERBIB/SERLOC merged record
610 2 0 _aCommonwealth (Organization)
_vDirectories.
610 2 4 _aCommonwealth of Nations
_xDirectories.
610 2 7 _aCommonwealth (Organization)
_2fast
_0(OCoLC)fst00681777
650 0 _aAdministrative agencies
_zCommonwealth countries
_vDirectories.
650 0 _aAssociations, institutions, etc.
_zCommonwealth countries
_vDirectories.
650 6 _aAdministration publique
_zPays du Commonwealth
_vRépertoires.
650 6 _aAssociations
_zPays du Commonwealth
_vRépertoires.
650 7 _aAdministrative agencies.
_2fast
_0(OCoLC)fst00796723
650 7 _aAssociations, institutions, etc.
_2fast
_0(OCoLC)fst00819166
650 7 _aEmployees.
_2fast
_0(OCoLC)fst00909111
651 0 _aCommonwealth countries
_xOfficials and employees
_vDirectories.
651 0 _aCommonwealth countries
_xPeriodicals.
651 4 _aCommonwealth countries
_xPeriodicals.
651 6 _aPays du Commonwealth
_xRépertoires.
651 6 _aPays du Commonwealth
_xPériodiques.
651 6 _aPays du Commonwealth
_xFonctionnaires
_vRépertoires.
651 7 _aCommonwealth countries.
_2fast
_0(OCoLC)fst01240090
655 7 _aPeriodicals.
_2fast
_0(OCoLC)fst01411641
655 7 _aDirectories.
_2fast
_0(OCoLC)fst01423796
710 2 _aCommonwealth Secretariat.
906 _a7
_bcbc
_cserials
_d2
_encip
_f19
_gn-oclcserc
942 _2ddc
_cBK
999 _c3230
_d3230